Ehemaliges Flaggen Moderner Länder - Statistiken

Allgemein
  • Dieses Quiz wurde 155 mal gespielt
  • Das Durchschnittsergebnis liegt bei 6 aus 16
Antwortstatistiken
Bildquiz Hint Antwort % Korrekt
1795-1818 Vereinigte Staaten
98%
1977-1981 Spanien
89%
1953 Malediven
68%
1937-1979 Kiribati
60%
1970-1971 Papua Neuguinea
57%
1928-1994 Südafrika
49%
1855-1916 Thailand
48%
1822-1970,1974-1978 Griechenland
45%
1987-1992 Afghanistan
29%
1918,1991-1995 Belarus
28%
1992-1998 Bosnien und Herzegowina
22%
1996-2001 Komoren
15%
1987-2006 Lesotho
15%
1977-1996 Seychellen
7%
1954-1974 Suriname
6%
1967-1974 Grenada
5%
Keine übereinstimmenden Quizze gefunden
Verteilung der Resultate
Anzahl Personen mit jedem Resultat
Perzentil nach korrekt beantworteten Fragen
Ihre Resultats-Entwicklung
Sie haben dieses Quiz noch nicht gespielt